|
|
|
|
| LEADER |
02035nam a2200565 i 4500 |
| 001 |
nkc20193137000 |
| 003 |
CZ PrNK |
| 005 |
20200212144156.0 |
| 007 |
ta |
| 008 |
191007s2019 xr ab f 000 0 eng |
| 015 |
|
|
|a cnb003137000
|
| 020 |
|
|
|a 978-80-903212-1-2
|q (brožováno)
|
| 035 |
|
|
|a (OCoLC)1140078062
|
| 040 |
|
|
|a BOA001
|b cze
|d ABA001
|e rda
|
| 043 |
|
|
|a e------
|
| 072 |
|
7 |
|a 59
|x Zoologie
|2 Konspekt
|9 2
|
| 080 |
|
|
|a 595.78
|2 MRF
|
| 080 |
|
|
|a 591.9
|2 MRF
|
| 080 |
|
|
|a (4)
|2 MRF
|
| 080 |
|
|
|a (084.42)
|2 MRF
|
| 080 |
|
|
|a (048.8)
|2 MRF
|
| 100 |
1 |
|
|a Kudrna, Otakar,
|d 1939-2021
|7 xx0009708
|4 aut
|
| 245 |
1 |
0 |
|a Distribution of butterflies and skippers in Europe :
|b (Lepidoptera: Rhopalocera, Grypocera) : 24 years mapping European butterflies (1995-2019) : final report /
|c Otakar Kudrna
|
| 250 |
|
|
|a First edition
|
| 264 |
|
1 |
|a Prachatice :
|b Spolecnost pro Ochranu Motylu (SOM),
|c 2019
|
| 300 |
|
|
|a 364 stran :
|b ilustrace (některé barevné), mapy ;
|c 30 cm
|
| 336 |
|
|
|a text
|b txt
|2 rdacontent
|
| 337 |
|
|
|a bez média
|b n
|2 rdamedia
|
| 338 |
|
|
|a svazek
|b nc
|2 rdacarrier
|
| 500 |
|
|
|a Pod názvem: Mapping European Butterflies (MEB)
|
| 500 |
|
|
|a Terminologický slovník
|
| 504 |
|
|
|a Obsahuje bibliografii
|
| 650 |
0 |
7 |
|a motýli
|7 ph115365
|2 czenas
|
| 650 |
0 |
7 |
|a fauna
|7 ph114529
|z Evropa
|2 czenas
|
| 650 |
0 |
7 |
|a zoogeografie
|7 ph127666
|z Evropa
|2 czenas
|
| 650 |
0 |
9 |
|a butterflies
|2 eczenas
|
| 650 |
0 |
9 |
|a fauna
|z Europe
|2 eczenas
|
| 650 |
0 |
9 |
|a zoogeography
|z Europe
|2 eczenas
|
| 655 |
|
7 |
|a atlasy
|7 fd131835
|2 czenas
|
| 655 |
|
7 |
|a monografie
|7 fd132842
|2 czenas
|
| 655 |
|
9 |
|a atlases
|2 eczenas
|
| 655 |
|
9 |
|a monographs
|2 eczenas
|
| 710 |
2 |
|
|a Mapping European Butterflies (projekt)
|7 ko20201065454
|4 oth
|
| 910 |
2 |
|
|a BOA001
|b 4-1439.892
|
| 928 |
9 |
|
|a Mapping European Butterflies (MEB)
|
| 928 |
9 |
|
|a Společnost pro ochranu motýlů (SOM)
|
| 990 |
|
|
|a BK
|
| 995 |
|
|
|a 01
|
| 991 |
|
|
|b 202001
|c NOV
|
| 996 |
6 |
|
|b 2610812896
|c 4-1439.892
|l MZK
|r Sklad / do 1 hodiny
|n 0
|p p.v.
|w 001778141
|u 000010
|a 1
|e BOA001
|j MZK50
|s P
|